• 首页
  • 本馆介绍
  • 公告通知
  • 最新文献
  • 馆藏检索
  • 电子资源
  • 读者导购
  • 参考咨询
  • 我的图书馆
  • 登录
  • 详细信息显示
  • 放入我的书架
  • 预约/预借图书
  • 作者相关作品
  • 分类相关作品
  • 丛书相关作品
  • 出版社相关作品

书目信息

  • 表格格式
  • 工作单格式
  • 卡片格式
题名:
海上船舶性能预报统计方法
    
 
作者: Ochi , 博尔顿 , Bolton , 奥基 著 ;陈淦 译
分册:  
出版信息: 北京   国防工业出版社  1978
页数: 167页
开本: 19cm
丛书名:
单 册:
中图分类: U661
科图分类:
主题词: 海船-流体动力学--性能试验--统计 , 流体动力学-海船--性能试验--统计
电子资源:
ISBN:
000 01081nam0 2200337 45
001 0178006211
005 20061127083122.82
010    @dCNY0.60
091    @aCN@b15034.1670
100    @a19950727d1978 emky0chiy0121 ea
101 1  @achi@ceng
102    @aCN@b110000
105    @ay z 000yy
200 10 @a海上船舶性能预报统计方法@Ahai shang chuan bo xing neng yu bao tong ji fang fa@f( )奥奇(M.K.Ochi),( )博尔顿(W.E.Bolton)著@g陈淦译
210    @a北京@c国防工业出版社@d1978
215    @a167页@d19cm
300    @a国内发行
300    @a书名原文:Statistic for prediction of ship performance in a seaway
304    @a奥奇通译:奥基
510 1  @aStatistic for prediction of ship performance in a seaway@zeng
606    @a海船-流体动力学@x性能试验@x统计
606    @a流体动力学-海船@x性能试验@x统计
610 0  @a海上船舶
690    @aU661@v3
701 A1 @aOchi@bM.K.@4著
701  1 @a博尔顿@bW.E.@4著
701 A1 @aBolton@bW.E.@4著
701  1 @a奥基@Aao ji@bM.K.@4著
702  0 @a陈淦@Achen gan@4译
801  0 @aCN@bTSSF@c20061127
905    @a10447@dU661@e2
    
    海上船舶性能预报统计方法/( )奥奇(M.K.Ochi),( )博尔顿(W.E.Bolton)著/陈淦译.-北京:国防工业出版社,1978
    167页;19cm
    国内发行.-书名原文:Statistic for prediction of ship performance in a seaway
    
    ISBN :CNY0.60
    
●
相关链接 在E读中查询图书 在五车中查询图书 在当当中查询图书 在豆瓣中查询图书


正题名:海上船舶性能预报统计方法     索取号:U661/2         预约/预借

序号 登录号 条形码 馆藏地/架位号 状态 备注
1 0008585   001483353   第二样本阅览室/ [索取号:U661/2] 在馆    
唐山师范学院图书馆 欢迎您!
大连网信软件有限公司© 版权所有